| 000 | 00856nam a2200241Ia 4500 | ||
|---|---|---|---|
| 003 | OSt | ||
| 005 | 20220916110917.0 | ||
| 006 | a|||||r|||| 00| 0 | ||
| 007 | ta | ||
| 008 | 220915b |||||||| |||| 00| 0 hin d | ||
| 024 | _a248250 | ||
| 037 | _cTextbook | ||
| 040 |
_bhin _aARTS _cARTS |
||
| 041 | _ahin | ||
| 082 | _aQ4:g, 152J9 | ||
| 100 | _aत्रिपाठी, हवलदार, सहूदय | ||
| 245 | 0 | _aबौध धर्म और बिहार | |
| 246 | _aPralekhīya grantha varṇanā: pralekh eanva bhautik grantha vijnyāna | ||
| 260 |
_aपटना _bबिहार राष्ट्रभाषा परिषद् भारत _c1960 |
||
| 300 |
_a374पृ0 _ccm. |
||
| 942 |
_hQ4:g, 152J9 _cTB _2CC |
||
| 999 |
_c101115 _d101115 |
||